00491nam a22001575i 450000100060000000300090000600500170001500700030003200800410003504000200007610000360009624500520013226001010018430000270028585200210031248236ES-MaACL20251015063058.0t|950711s1877 fr ||||1| fre d aCAM bspa cCAM1 aCherbuliez, Victor, d1829-189910aSamuel Brohl et Cie. / cpar Victor Cherbuliez. aParis : blibrairie Hachette et Cie., c1877 (eCoulommiers :fTyp. Albert Ponsot et P. Brodard) a[4], 330 p. ; c19 cm. aES-MaACLjD-2115